| 000 | 00787nam a22001577a 4500 | ||
|---|---|---|---|
| 003 | OSt | ||
| 005 | 20151006101542.0 | ||
| 008 | 151006b xxu||||| |||| 00| 0 eng d | ||
| 040 | _cRUA | ||
| 082 | _aAVM SUY 2005 B075 Or.1 | ||
| 100 |
_92119 _aSUY, IEANGSRUN. |
||
| 245 | _aStudy on utilization of groundnut oil, soybean oil and coconut oil on growthrate of avian chicken at animal experimental station in the RUA (ការសិក្សាលើការប្រើប្រាស់ប្រេងសណ្ដែកដីសណ្ដែកសៀងនិងប្រេងដូងលើការលូតលាស់របស់មាន់សាច់ពូជAVIAN ) | ||
| 260 |
_aPhnom Penh _bRUA _c2005 |
||
| 300 |
_aX, 41P. _bill. _c29cm. |
||
| 942 |
_2ddc _cAVM |
||
| 999 |
_c1993 _d1993 |
||